000 02132nam a22002657a 4500
005 20110510114545.0
010 _aB-438222-225
020 _c150.00
_a9788126319749
035 _aB-438222-225
037 _bAllied Pub.
082 _a
100 _aराय, विभूति नारायण
_929315
245 _aप्रेम की भूतकथा /
_cविभूति नारायण राय
260 _aनई दिल्ली
_bभारतीय ज्ञानपीठ
_c2010
270 _a18, इंस्टीटयूशनल एरिया, लोदी रोड
_bनई दिल्ली
_e110003
300 _a144पृ
_c22सेमी (सजिल्द)
490 _aराष्ट्रभारती लोकोदय ग्रन्थमालाःग्रन्थांक;1111/ रविन्द्र कालिया द्वारा संपादित
_929316
650 _aहिन्दी कथा साहित्य
_9657
942 _2ddc
_cHN
_mरायवि
_h
999 _c52277
_d52277